|
|
|
|
| LEADER |
00872nam a2200313 4500 |
| 001 |
DLU030022936 |
| 005 |
##20010510124212.0 |
| 008 |
##991130s2000 enka b 001 0 eng |
| 010 |
# |
# |
|a 99059381
|
| 020 |
# |
# |
|a 085199282X (alk. paper)
|
| 040 |
# |
# |
|a DLC
|c DLC
|d DLC
|
| 042 |
# |
# |
|a pcc
|
| 050 |
# |
# |
|a G155.A1
|b S68 2000
|
| 082 |
# |
# |
|a 338.479 1
|b Str
|
| 245 |
# |
# |
|a Strategic management in tourism /
|c edited by Luiz Moutinho.
|
| 260 |
# |
# |
|a Wallingford, Oxon, UK ;
|a New York, N.Y. :
|b CABI Pub.,
|c c2000.
|
| 300 |
# |
# |
|a x, 349 p. :
|b ill. ;
|c 25 cm.
|
| 504 |
# |
# |
|a Includes bibliographical references.
|
| 650 |
# |
# |
|a Tourism
|x Management.
|
| 700 |
# |
# |
|a Moutinho, Luiz.
|
| 992 |
# |
# |
|a 43
|
| 994 |
# |
# |
|a DLU
|
| 900 |
# |
# |
|a True
|
| 911 |
# |
# |
|a Lê Thị Mạnh Xuân
|
| 925 |
# |
# |
|a G
|
| 926 |
# |
# |
|a A
|
| 927 |
# |
# |
|a SH
|
| 980 |
# |
# |
|a Thư viện Trường Đại học Đà Lạt
|